000 00488cam a2200193ua 4500
001 3853
005 20260515113736.0
008 111206n ii |||gr||||Z||||||asm
040 _cMAIN
082 _a891.4511
100 _aBhattacharyya, Nalinidhar,
245 1 1 _aKabita aru napathya
_cby Nalinidhar Bhattacharya
250 _a1st.
260 _aGuwahati:
_bRamcharan Bharali,993.
300 _a155p:
_c23cm.
653 _aAssamese poem
653 _aKabita aru napathya
942 _cBK
999 _c3674
_d3674